TV Show by Graduation Quiz Stats

 Plays Quiz Updated May 19, 2018

Challenge
Share
Tweet
Score 0/20 Timer 05:00
9 Plays Today
% Correct
That '70s Show
93.2%
Family Guy
92%
Glee
89.7%
Malcolm in the Middle
83.8%
Scrubs
83.7%
Buffy the Vampire Slayer
83.5%
Full House
80.1%
Dawson's Creek
78.3%
Beverly Hills, 90210
77.2%
Saved by the Bell
77.1%
% Correct
Gilmore Girls
74.3%
Boy Meets World
73.1%
Modern Family
71.6%
Daria
68.7%
Veronica Mars
58.1%
Growing Pains
53.5%
Gossip Girl
52.9%
The O.C.
49.4%
Smallville
47.9%
The Middle
40.8%

You're not logged in!

Compare scores with friends on all Sporcle quizzes.
OR
Log In

You Might Also Like...

Show Comments

Extras

Top Quizzes Today


Score Distribution

Your Account Isn't Verified!

In order to create a playlist on Sporcle, you need to verify the email address you used during registration. Go to your Sporcle Settings to finish the process.

Report this User

Report this user for behavior that violates our Community Guidelines.

Details: